| Tag |
First Indicator |
Second Indicator |
Subfields |
| LEADER |
00000cam a2200000Ka 4500 |
| 001 |
in00001837321 |
| 005 |
20211202201453.0 |
| 006 |
m d f |
| 008 |
040507s1995 dcu sbf f000 0 eng d |
| 035 |
|
|
|a (OCoLC)ocm55096369
|
| 040 |
|
|
|a GPO
|c GPO
|d MvI
|d UtOrBLW
|
| 049 |
|
|
|a WWW
|
| 074 |
|
|
|a 0473-A-01 (online)
|
| 086 |
0 |
|
|a EP 2.2:2004016205
|
| 088 |
|
|
|a EPA-823-B-95-002
|
| 245 |
0 |
0 |
|a Economic guidance for water quality standards :
|b workbook.
|
| 264 |
|
1 |
|a [Washington, D.C.] :
|b United States Environmental Protection Agency, Office of Water,
|c [1995]
|
| 336 |
|
|
|a text
|b txt
|2 rdacontent
|
| 337 |
|
|
|a computer
|b c
|2 rdamedia
|
| 338 |
|
|
|a unspecified
|b zu
|2 rdacarrier
|
| 538 |
|
|
|a Mode of access: Internet from the EPA web site. Address as of 5/7/2004: http://www.epa.gov/ost/econ/complete.pdf; current access available via PURL.
|
| 500 |
|
|
|a Title from title screen (viewed on May 7, 2004).
|
| 500 |
|
|
|a "Apr 27 1995."
|
| 500 |
|
|
|a "EPA-823-B-95-002."
|
| 504 |
|
|
|a Includes bibliographical references.
|
| 500 |
|
|
|a Electronic resource.
|
| 650 |
|
0 |
|a Water quality management
|x Economic aspects
|x Government policy
|z United States
|v Handbooks, manuals, etc.
|
| 710 |
1 |
|
|a United States.
|b Environmental Protection Agency.
|b Office of Water.
|
| 856 |
4 |
0 |
|u https://purl.fdlp.gov/GPO/LPS45984
|t 0
|
| 999 |
|
|
|a MARS
|
| 999 |
f |
f |
|s e7a12729-1614-325b-8f7c-b530615e22fa
|i f8a8a53c-70bb-3e46-88c4-6add8c12db83
|t 0
|
| 952 |
f |
f |
|a Texas A&M University
|b College Station
|c Electronic Resources
|d Available Online
|t 0
|e EP 2.2:2004016205
|h Superintendent of Documents classification
|
| 998 |
f |
f |
|a EP 2.2:2004016205
|t 0
|l Available Online
|